Normal view
MARC view
- Lenka,S.L.
Entry Personal Name
001 - CONTROL NUMBER
- control field: 5011
003 - CONTROL NUMBER IDENTIFIER
- control field: OSt
005 - DATE AND TIME OF LATEST TRANSACTION
- control field: 20210914105603.0
008 - FIXED-LENGTH DATA ELEMENTS
- fixed length control field: 210914|| aca||aabn | a|a d
040 ## - CATALOGING SOURCE
- Original cataloging agency: OSt
- Transcribing agency: OSt
100 ## - HEADING--PERSONAL NAME
- Personal name: Lenka,S.L.
- Personal name: Lenka,N.K.
- Personal name: Kundu,S
- Personal name: Subba Rao,A
670 ## - SOURCE DATA FOUND
- Source citation: Work cat.: (OSt)16301: Lenka,S.L. Lenka,N.K. Kundu,S Subba Rao,A, Climate change and natural resource management, 2013
